Siemprevivas. (Poesías ... compiladas y ordenadas por Francisco R. Mejía.). (Record no. 111670)
[ view plain ]
| 000 -LEADER | |
|---|---|
| campo de control de longitud fija | 00773cam a22002533 4500 |
| 001 - NÚMERO DE CONTROL | |
| campo de control | 85278 |
| 005 - FECHA Y HORA DE LA ÚLTIMA TRANSACCIÓN | |
| campo de control | 20230411090043.0 |
| 008 - DATOS DE LONGITUD FIJA--INFORMACIÓN GENERAL | |
| campo de control de longitud fija | 901203s1960 sp 000 0 spa d |
| 035 ## - NÚMERO DE CONTROL DEL SISTEMA | |
| Número de control de sistema | (OCoLC)ocn504536071 |
| 040 ## - FUENTE DE CATALOGACIÓN | |
| Centro catalogador/agencia de origen | UKMGB |
| Centro/agencia transcriptor | UKMGB |
| 016 7# - NÚMERO DE CONTROL DE UNA AGENCIA BIBLIOGRÁFICA NACIONAL | |
| Número de control del registro | 004032989 |
| Fuente | Uk |
| 035 ## - NÚMERO DE CONTROL DEL SISTEMA | |
| Número de control de sistema | (OCoLC)504536071 |
| 049 ## - FONDOS LOCALES (OCLC) | |
| Biblioteca depositaria | GRAL |
| 100 1# - ENTRADA PRINCIPAL--NOMBRE DE PERSONA | |
| Nombre de persona | Avarez PIañeyro, Armando. |
| 245 10 - MENCIÓN DEL TÍTULO | |
| Título | Siemprevivas. (Poesías ... compiladas y ordenadas por Francisco R. Mejía.). |
| 260 ## - PUBLICACIÓN, DISTRIBUCIÓN, ETC. | |
| Lugar de publicación, distribución, etc. | Madrid: Ediciones CAR, 1960. |
| 300 ## - DESCRIPCIÓN FÍSICA | |
| Extensión | pp. 160. 19 cm. |
| 490 1# - MENCIÓN DE SERIE | |
| Mención de serie | El Juglar y la luna. no. 5. |
| 700 1# - ENTRADA AGREGADA--NOMBRE PERSONAL | |
| Nombre de persona | MEJIA, Francisco R. |
| 830 #0 - PUNTO DE ACCESO ADICIONAL DE SERIE-TÍTULO UNIFORME | |
| Título uniforme | El Juglar y la luna. no. 5. |
| 886 2# - INFORMACIÓN DE CAMPO MARC FORÁNEO | |
| 2 | blmarc |
| a | 709 |
| b | 00 |
| a | MEJIA |
| h | Francisco R. |
| p | X.908/89188. |
| x | 3653330068 |
| 942 ## - ELEMENTOS DE ENTRADA SECUNDARIOS (KOHA) | |
| Fuente del sistema de clasificación o colocación | Clasificación de Library of Congress |
| Tipo de ítem Koha | |
| 994 ## - | |
| -- | C0 |
| -- | DRFGD |
| Estatus retirado | Estado de pérdida | Fuente del sistema de clasificación o colocación | Estado de daño | No para préstamo | Colección | Biblioteca de origen | Biblioteca actual | Ubicación en estantería | Fecha de adquisición | Código de barras | Visto por última vez | Copia número | Tipo de ítem Koha |
|---|---|---|---|---|---|---|---|---|---|---|---|---|---|
| Clasificación de Library of Congress | Automatización y Procesos Técnicos | Biblioteca Juan Bosch | Biblioteca Juan Bosch | Automatización y Procesos Técnicos (1er. Piso) | 11/04/2023 | 00000075691 | 17/02/2019 | 1 |
